[Event "10th Norway Armageddon"]
[Site "Stavanger NOR"]
[Date "2022.05.31"]
[Round "1.3"]
[White "Giri, Anish"]
[Black "Topalov, Veselin"]
[Result "1-0"]
[WhiteTitle "GM"]
[BlackTitle "GM"]
[WhiteElo "2761"]
[BlackElo "2730"]
[WhiteFideId "24116068"]
[BlackFideId "2900084"]
[EventDate "2022.05.31"]

1. d4 Nf6 2. c4 e6 3. Nf3 d5 4. g3 Bb4+ 5. Bd2 Be7 6. Bg2 O-O 7. O-O Nbd7 8. Qc2
c6 9. Bf4 b6 10. Nbd2 Nh5 11. e3 Bb7 12. cxd5 exd5 13. h4 Rc8 14. Nb1 Nxf4 15.
exf4 c5 16. Nc3 Nf6 17. Rad1 a6 18. dxc5 Rxc5 19. Rfe1 Re8 20. Qb3 h6 21. Nd4
Bf8 22. Rxe8 Nxe8 23. Nc2 Nf6 24. Ne3 b5 25. Ncxd5 Nxd5 26. Bxd5 Qc7 27. Bxb7
Qxb7 28. Nd5 Qc6 29. Qf3 Rc2 30. a3 Bc5 31. b4 Bf8 32. Kg2 Qc4 33. Ne3 1-0

[Event "10th Norway Armageddon"]
[Site "Stavanger NOR"]
[Date "2022.05.31"]
[Round "1.5"]
[White "Mamedyarov, Shakhriyar"]
[Black "Tari, Aryan"]
[Result "1-0"]
[WhiteTitle "GM"]
[BlackTitle "GM"]
[WhiteElo "2759"]
[BlackElo "2654"]
[WhiteFideId "13401319"]
[BlackFideId "1510045"]
[EventDate "2022.05.31"]

1. d4 Nf6 2. c4 e6 3. Nc3 Bb4 4. Qc2 c5 5. dxc5 O-O 6. a3 Bxc5 7. Bf4 d5 8. e3
Nc6 9. Nf3 dxc4 10. Bxc4 Bd7 11. Rd1 Be7 12. O-O Rc8 13. Ba2 Nh5 14. Bb1 g6 15.
Bh6 Re8 16. Qd3 Nf6 17. Bg5 Qb6 18. e4 Red8 19. e5 Be8 20. Qe2 Nd5 21. Nxd5 Rxd5
22. Rxd5 exd5 23. Bxe7 Nxe7 24. Qd2 Kg7 25. Re1 h6 26. h4 Qe6 27. h5 Rc4 28.
hxg6 fxg6 29. Nd4 Qg4 30. Rd1 Nc6 31. Nf3 Bf7 32. Ba2 Rf4 33. Bxd5 Nd4 34. Nxd4
Bxd5 35. f3 Qg5 36. Ne2 1-0

[Event "10th Norway Armageddon"]
[Site "Stavanger NOR"]
[Date "2022.06.01"]
[Round "2.1"]
[White "So, Wesley"]
[Black "Carlsen, Magnus"]
[Result "1-0"]
[WhiteTitle "GM"]
[BlackTitle "GM"]
[WhiteElo "2776"]
[BlackElo "2864"]
[WhiteFideId "5202213"]
[BlackFideId "1503014"]
[EventDate "2022.05.31"]

1. e4 e5 2. Nf3 Nc6 3. Bc4 Nf6 4. d3 Bc5 5. Bg5 h6 6. Bh4 d6 7. c3 a6 8. a4 Ba7
9. Nbd2 Qe7 10. O-O g5 11. Bg3 Nh7 12. b4 Nf8 13. b5 Na5 14. Bd5 c6 15. Ba2 Ng6
16. Rb1 axb5 17. axb5 cxb5 18. Rxb5 Nc6 19. Bd5 h5 20. h3 g4 21. hxg4 hxg4 22.
Nh2 Nf4 23. d4 Nh5 24. Nb3 Nd8 25. Ra5 Nxg3 26. fxg3 Qg5 27. Re1 Nc6 28. Bxc6+
bxc6 29. Qa1 Rb8 30. Rxa7 Rxb3 31. Qa2 Rb7 32. Rxb7 Bxb7 33. Qa7 Bc8 34. Qc7 O-O
35. Nf1 exd4 36. cxd4 Qf6 37. Rd1 c5 38. dxc5 dxc5 39. Qxc5 Be6 40. Ne3 Rc8 41.
Qd6 Qg5 42. Qf4 Qc5 43. e5 Ra8 44. Qg5+ Kh7 45. Kh2 Rg8 46. Qh4+ Kg7 47. Nf5+
Bxf5 48. Qf6+ Kh7 49. Qxf5+ Kg7 50. Qf6+ 1-0

[Event "10th Norway Armageddon"]
[Site "Stavanger NOR"]
[Date "2022.06.01"]
[Round "2.2"]
[White "Vachier-Lagrave, Maxime"]
[Black "Mamedyarov, Shakhriyar"]
[Result "1-0"]
[WhiteTitle "GM"]
[BlackTitle "GM"]
[WhiteElo "2750"]
[BlackElo "2759"]
[WhiteFideId "623539"]
[BlackFideId "13401319"]
[EventDate "2022.05.31"]

1. e4 e5 2. Nf3 Nf6 3. Nxe5 d6 4. Nd3 Nxe4 5. Qe2 Qe7 6. Nf4 Nf6 7. d4 d5 8. Nc3
c6 9. Be3 g6 10. O-O-O Bg7 11. h3 O-O 12. g4 Re8 13. Bg2 Nbd7 14. g5 Ne4 15.
Nxe4 dxe4 16. h4 Nb6 17. h5 Qxg5 18. hxg6 hxg6 19. Rdg1 Qb5 20. Qxb5 cxb5 21.
Bf1 Nc4 22. Nd5 Rd8 23. Nc7 Nxe3 24. fxe3 Rb8 25. Nxb5 Bf5 26. Bh3 Bh6 27. Rg3
Bxh3 28. Rgxh3 Bg7 29. Rg1 Rd7 30. Rg4 Re8 31. Rhh4 a6 32. Nc3 Rde7 33. Rxe4 f5
34. Rxe7 Rxe7 35. Nd5 Re8 36. Kd2 Kf7 37. Kd3 g5 38. Rh1 Kg6 39. c4 Rh8 40. Rxh8
Bxh8 41. b4 Kf7 42. a4 Ke6 43. b5 axb5 44. axb5 Bg7 45. Nc3 g4 46. c5 Bf6 47. b6
Kd7 48. Ne2 Bh4 49. Nf4 g3 50. Ke2 Kc6 51. Kf3 Kd7 52. Ng2 1-0

[Event "10th Norway Armageddon"]
[Site "Stavanger NOR"]
[Date "2022.06.01"]
[Round "2.3"]
[White "Wang, Hao"]
[Black "Giri, Anish"]
[Result "1/2-1/2"]
[WhiteTitle "GM"]
[BlackTitle "GM"]
[WhiteElo "2744"]
[BlackElo "2761"]
[WhiteFideId "8602883"]
[BlackFideId "24116068"]
[EventDate "2022.05.31"]

1. e4 c5 2. Nf3 d6 3. d4 cxd4 4. Nxd4 Nf6 5. Nc3 a6 6. h3 e5 7. Nb3 Be7 8. g4 h6
9. Be3 b5 10. Nd5 Bb7 11. Bg2 Nbd7 12. Nxe7 Kxe7 13. f3 Qc7 14. O-O Rhc8 15. c3
a5 16. a3 Kf8 17. h4 Nb6 18. Qe2 Nc4 19. Bf2 Kg8 20. Rad1 Ba6 21. Qc2 Rab8 22.
Bh3 Rd8 23. Rfe1 Bc8 24. Bf1 Be6 25. Nd2 Nxd2 26. Rxd2 a4 27. Be3 Bb3 28. Qc1
Nh7 29. g5 h5 30. f4 exf4 31. Bxf4 Nf8 32. Bg3 Ne6 33. Kh2 Qc5 34. Rf2 Re8 35.
Rf5 Qc6 36. Qd2 g6 37. Rf6 Rbd8 38. Qf2 Nc5 39. e5 Ne4 40. Bg2 Nxf2 41. Bxc6
Ng4+ 42. Kg1 Nxf6 43. gxf6 Re6 44. Bxb5 dxe5 45. c4 e4 46. c5 Rd5 47. Bf2 Rxf6
48. Rxe4 Rd1+ 49. Re1 Rxe1+ 50. Bxe1 Rf5 51. Bf2 Kf8 52. Bd7 Rd5 53. c6 Rxd7 54.
cxd7 Ke7 55. Kh2 Kxd7 56. Kg3 f6 57. Kf4 Ke6 58. Bd4 Kf7 59. Bc3 Ke6 1/2-1/2

[Event "10th Norway Armageddon"]
[Site "Stavanger NOR"]
[Date "2022.06.01"]
[Round "2.5"]
[White "Radjabov, Teimour"]
[Black "Tari, Aryan"]
[Result "1-0"]
[WhiteTitle "GM"]
[BlackTitle "GM"]
[WhiteElo "2753"]
[BlackElo "2654"]
[WhiteFideId "13400924"]
[BlackFideId "1510045"]
[EventDate "2022.05.31"]

1. d4 Nf6 2. c4 e6 3. Nc3 Bb4 4. g3 O-O 5. Bg2 d5 6. Nf3 dxc4 7. O-O Nc6 8. Re1
Rb8 9. a3 Be7 10. e4 Na5 11. Bf4 b5 12. Qc2 h6 13. Rad1 Nb3 14. h3 a6 15. d5
exd5 16. Nxd5 Nxd5 17. Rxd5 Qe8 18. Bxc7 Rb7 19. Bf4 Be6 20. Rdd1 Bc5 21. g4 Rd7
22. g5 h5 23. Qc3 Qd8 24. Rxd7 Qxd7 25. Be5 g6 26. Bh8 f5 27. Bf6 Kh7 28. Nh4 f4
29. Qf3 Bd4 30. Rd1 Qa7 31. Qxf4 Rf7 32. e5 Rd7 33. Kh1 Bxb2 34. Rd6 Nc5 35. Be4
Nxe4 36. Qxe4 Bf7 37. Kg1 Rxd6 38. exd6 Bxf6 39. gxf6 c3 40. Nf3 Qc5 41. Qe7 Qd5
42. Qf8 1-0

[Event "10th Norway Armageddon"]
[Site "Stavanger NOR"]
[Date "2022.06.02"]
[Round "3.2"]
[White "Giri, Anish"]
[Black "So, Wesley"]
[Result "1/2-1/2"]
[WhiteTitle "GM"]
[BlackTitle "GM"]
[WhiteElo "2761"]
[BlackElo "2776"]
[WhiteFideId "24116068"]
[BlackFideId "5202213"]
[EventDate "2022.05.31"]

1. e4 e5 2. Nf3 Nc6 3. Bb5 Nf6 4. d3 Bc5 5. Bxc6 dxc6 6. O-O Nd7 7. Nc3 O-O 8.
Be3 f6 9. Ne2 a5 10. a4 b6 11. b3 Rf7 12. Ng3 g6 13. Qe1 Bf8 14. Nd2 Nc5 15. Ne2
Ba6 16. Nc4 Ne6 17. f4 exf4 18. Nxf4 Qd7 19. Nd2 Bg7 20. Nxe6 Qxe6 21. Nf3 c5
22. Qd2 g5 23. Rae1 Raf8 24. Qf2 h6 25. h4 g4 26. Nd2 f5 27. Qg3 fxe4 28. Rxf7
Rxf7 29. Bf4 e3 30. Ne4 Bb7 31. Kh1 Bxe4 32. Rxe3 Bxg2+ 33. Kxg2 Qc6+ 34. Kh2 h5
35. Re4 Qf6 36. Qe1 Bf8 37. Kg1 Bd6 38. Bxd6 Qxd6 39. Re8+ Kg7 40. Qe5+ Qxe5 41.
Rxe5 Kg6 42. Rg5+ Kh6 43. Re5 Kg6 44. Rg5+ Kh6 1/2-1/2

[Event "10th Norway Armageddon"]
[Site "Stavanger NOR"]
[Date "2022.06.02"]
[Round "3.4"]
[White "Mamedyarov, Shakhriyar"]
[Black "Topalov, Veselin"]
[Result "1-0"]
[WhiteTitle "GM"]
[BlackTitle "GM"]
[WhiteElo "2759"]
[BlackElo "2730"]
[WhiteFideId "13401319"]
[BlackFideId "2900084"]
[EventDate "2022.05.31"]

1. d4 Nf6 2. c4 e6 3. Nf3 d5 4. g3 Bb4+ 5. Nbd2 O-O 6. Bg2 b6 7. O-O Bb7 8. b3
c5 9. Bb2 cxd4 10. Nxd4 Qe7 11. Rc1 Rd8 12. cxd5 Nxd5 13. Qc2 Nf6 14. Ne4 Nbd7
15. Nc6 Bxc6 16. Qxc6 Rab8 17. Rfd1 Nxe4 18. Bxe4 Nf6 19. Bf3 h6 20. Kg2 Rxd1
21. Rxd1 Rd8 22. Rxd8+ Qxd8 23. Be5 Bc5 24. h4 Nd5 25. Qb7 a5 26. a4 f6 27. Bb2
Kf8 28. Qc6 Kf7 29. Bh5+ g6 30. Bf3 h5 31. Qb7+ Ne7 32. Bc3 Qd1 33. Qe4 Qxb3 34.
Bd2 Qb2 35. Be3 Qe5 36. Qxe5 fxe5 37. Bd2 Nd5 38. e3 Bb4 39. Bc1 Ke7 40. Be4 Kf6
41. Bb2 Bc3 42. Bc1 Bb4 43. Kf1 Kf7 44. Bc2 Kf6 45. Ke2 e4 46. Bb3 Kf5 47. Bc2
Nc3+ 48. Kf1 Kf6 49. Bb2 Ke5 50. Kg2 Kd5 51. g4 Ke5 52. Kg3 Kf6 53. Bxe4 Bd6+
54. f4 Bb4 55. Bc2 hxg4 56. Kxg4 Kf7 57. e4 b5 58. Bxc3 Bxc3 59. axb5 Bd4 60. e5
Bc5 61. Bb3 Bb6 1-0

[Event "10th Norway Armageddon"]
[Site "Stavanger NOR"]
[Date "2022.06.03"]
[Round "4.2"]
[White "So, Wesley"]
[Black "Anand, Viswanathan"]
[Result "1-0"]
[WhiteTitle "GM"]
[BlackTitle "GM"]
[WhiteElo "2776"]
[BlackElo "2751"]
[WhiteFideId "5202213"]
[BlackFideId "5000017"]
[EventDate "2022.05.31"]

1. c4 c5 2. Nc3 Nc6 3. g3 g6 4. Bg2 Bg7 5. d3 e6 6. e4 Nge7 7. Nge2 O-O 8. O-O
b6 9. a3 d6 10. Rb1 Nd4 11. b4 Nec6 12. Be3 Bd7 13. Qd2 Nxe2+ 14. Nxe2 Nd4 15.
Nxd4 cxd4 16. Bh6 e5 17. Bxg7 Kxg7 18. f4 f6 19. h4 b5 20. Rbc1 bxc4 21. Rxc4
Bb5 22. Rc2 Ba4 23. Rcc1 Rc8 24. h5 gxh5 25. Bf3 Qd7 26. Qh2 Rxc1 27. Rxc1 Rc8
28. Rf1 Rc3 29. Be2 Bb5 30. Qxh5 Bxd3 31. fxe5 dxe5 32. Qf3 Qe6 33. Bxd3 Rxa3
34. Kg2 a6 35. Rf2 Rb3 36. Bc4 Rxf3 37. Bxe6 Re3 38. Bf5 Rb3 39. Ra2 Rxb4 40.
Rxa6 Rb7 41. Rd6 Ra7 42. Kh3 Rb7 43. Kg4 Ra7 44. Kh5 Rc7 45. Rd8 Re7 46. Bg4 1-0

[Event "10th Norway Armageddon"]
[Site "Stavanger NOR"]
[Date "2022.06.03"]
[Round "4.3"]
[White "Radjabov, Teimour"]
[Black "Vachier-Lagrave, Maxime"]
[Result "1-0"]
[WhiteTitle "GM"]
[BlackTitle "GM"]
[WhiteElo "2753"]
[BlackElo "2750"]
[WhiteFideId "13400924"]
[BlackFideId "623539"]
[EventDate "2022.05.31"]

1. Nf3 d5 2. d4 e6 3. c4 dxc4 4. e3 Nf6 5. Bxc4 a6 6. b3 c5 7. O-O cxd4 8. Nxd4
Be7 9. Bb2 O-O 10. Nd2 b5 11. Be2 Bb7 12. Rc1 h6 13. Bf3 Qd7 14. Qc2 Ra7 15.
Bxb7 Qxb7 16. Rfd1 Rd8 17. N2f3 Qe4 18. Qxe4 Nxe4 19. Kf1 Bf6 20. Re1 Rad7 21.
Rc2 Ng5 22. Nxg5 Bxg5 23. Rec1 Bf6 24. Ke2 Kf8 25. Bc3 Re8 26. Bb4+ Be7 27. Ba5
Bd8 28. Bd2 Bf6 29. Nf3 g6 30. Ba5 e5 31. Rc8 Bd8 32. Bxd8 Rdxd8 33. Rxd8 Rxd8
34. Nxe5 Ke7 35. f4 Ke6 36. Rc7 Rf8 37. g4 g5 38. Kf3 gxf4 39. exf4 f5 40. Rh7
fxg4+ 41. Ke4 Kd6 42. b4 1-0

[Event "10th Norway Armageddon"]
[Site "Stavanger NOR"]
[Date "2022.06.05"]
[Round "5.1"]
[White "Anand, Viswanathan"]
[Black "Carlsen, Magnus"]
[Result "1-0"]
[WhiteTitle "GM"]
[BlackTitle "GM"]
[WhiteElo "2751"]
[BlackElo "2864"]
[WhiteFideId "5000017"]
[BlackFideId "1503014"]
[EventDate "2022.05.31"]

1. e4 e5 2. Nf3 Nc6 3. Bc4 Nf6 4. d3 Bc5 5. Bg5 Be7 6. Nc3 d6 7. a4 O-O 8. a5
Bg4 9. h3 Bxf3 10. Qxf3 Nd4 11. Qd1 c6 12. O-O b5 13. Ba2 Ne6 14. Be3 a6 15. Qf3
Qd7 16. Ne2 d5 17. c3 Bc5 18. exd5 cxd5 19. Bxc5 Nxc5 20. d4 e4 21. Qe3 Nd3 22.
Qd2 Rae8 23. f3 Nf2 24. fxe4 N2xe4 25. Qd3 Qd6 26. Rf3 g6 27. Raf1 Nh5 28. g4
Nhf6 29. Nf4 Ng5 30. R3f2 Nge4 31. Rg2 h6 32. h4 g5 33. hxg5 hxg5 34. Nh3 Kg7
35. Rf5 Rh8 36. Nxg5 Rh4 37. Bxd5 Nxg5 38. Rxg5+ Kf8 39. Bf3 Qf4 40. Re5 Rxe5
41. dxe5 Qxe5 42. Kf2 Rh3 43. g5 Nh5 44. g6 fxg6 45. Qd8+ Qe8 46. Qxe8+ Kxe8 47.
Rxg6 Nf4 48. Rxa6 Nd3+ 49. Ke3 Ne5 50. Re6+ 1-0

[Event "10th Norway Armageddon"]
[Site "Stavanger NOR"]
[Date "2022.06.05"]
[Round "5.2"]
[White "Mamedyarov, Shakhriyar"]
[Black "So, Wesley"]
[Result "1-0"]
[WhiteTitle "GM"]
[BlackTitle "GM"]
[WhiteElo "2759"]
[BlackElo "2776"]
[WhiteFideId "13401319"]
[BlackFideId "5202213"]
[EventDate "2022.05.31"]

1. Nf3 d5 2. e3 Nf6 3. c4 e6 4. b3 Be7 5. Bb2 O-O 6. Qc2 c5 7. cxd5 exd5 8. Nc3
Nc6 9. a3 Bg4 10. Bb5 d4 11. Ne4 Bxf3 12. gxf3 Ne5 13. Be2 Rc8 14. Rg1 Re8 15.
Ng3 Bf8 16. f4 d3 17. Qb1 dxe2 18. fxe5 Nd7 19. Qe4 g6 20. f4 c4 21. b4 a5 22.
Bc3 Nb6 23. Kxe2 Nd5 24. Bd4 axb4 25. axb4 c3 26. f5 cxd2 27. e6 Rc7 28. Nh5 Qd6
29. Kf3 Qxh2 30. Rh1 Qd6 31. Rag1 Bh6 32. Be5 Qc6 33. Bxc7 d1=Q+ 34. Rxd1 fxe6
35. Nf6+ Kf7 36. fxg6+ Kxf6 37. Rxh6 Qxc7 38. Qh4+ Ke5 39. Qh2+ 1-0

[Event "10th Norway Armageddon"]
[Site "Stavanger NOR"]
[Date "2022.06.05"]
[Round "5.3"]
[White "Vachier-Lagrave, Maxime"]
[Black "Topalov, Veselin"]
[Result "1-0"]
[WhiteTitle "GM"]
[BlackTitle "GM"]
[WhiteElo "2750"]
[BlackElo "2730"]
[WhiteFideId "623539"]
[BlackFideId "2900084"]
[EventDate "2022.05.31"]

1. e4 e5 2. Nf3 Nc6 3. Bb5 Nf6 4. O-O Nxe4 5. Re1 Nd6 6. Nxe5 Be7 7. Bf1 Nxe5 8.
Rxe5 O-O 9. Nc3 Ne8 10. d4 Bf6 11. Re1 d5 12. b3 c6 13. Ba3 Nd6 14. Qf3 Be6 15.
Qf4 Be7 16. Bd3 g6 17. h4 Ne8 18. Bxe7 Qxe7 19. h5 Qf6 20. Qxf6 Nxf6 21. hxg6
hxg6 22. Bxg6 Kg7 23. Bd3 Rh8 24. f3 Rh4 25. Ne2 Ne8 26. Kf2 Nd6 27. Rh1 Rah8
28. Rxh4 Rxh4 29. g4 b6 30. Kg3 Rh8 31. Nf4 Bd7 32. Re1 Kf8 33. c4 dxc4 34. bxc4
Rg8 35. c5 bxc5 36. dxc5 Nb7 37. Re5 f6 38. Rh5 Rg5 39. Rh8+ Rg8 40. Rh6 Ke7 41.
Bc4 Re8 42. Rh7+ Kd8 43. Rf7 Nxc5 44. Rxf6 Re3 45. Kf2 Rc3 46. Bg8 Rc2+ 47. Kg3
Rc3 48. Bh7 Ra3 49. g5 a5 50. Bb1 Ke7 51. Ng6+ Kd8 52. Ne5 Be8 53. g6 1-0

[Event "10th Norway Armageddon"]
[Site "Stavanger NOR"]
[Date "2022.06.06"]
[Round "6.2"]
[White "So, Wesley"]
[Black "Tari, Aryan"]
[Result "1-0"]
[WhiteTitle "GM"]
[BlackTitle "GM"]
[WhiteElo "2776"]
[BlackElo "2654"]
[WhiteFideId "5202213"]
[BlackFideId "1510045"]
[EventDate "2022.05.31"]

1. c4 e6 2. Nc3 d5 3. d4 c5 4. cxd5 exd5 5. Nf3 Nc6 6. g3 Nf6 7. Bg2 cxd4 8.
Nxd4 Bc5 9. Nb3 Bb6 10. Nxd5 Be6 11. e4 Bg4 12. Qd2 Nxd5 13. exd5 Qe7+ 14. Kf1
O-O-O 15. h3 Bf5 16. dxc6 Rxd2 17. cxb7+ Kb8 18. Bxd2 a6 19. Re1 Qf6 20. Kg1 Be6
21. Kh2 Ka7 22. Bc3 Qxf2 23. Rhf1 Qc2 24. Nd4 Bxd4 25. Bxd4+ Kb8 26. Be5+ Ka7
27. Bd4+ Kb8 28. Rxe6 fxe6 29. Be5+ Ka7 30. Bd4+ Kb8 31. Bxg7 Re8 32. Be5+ Ka7
33. Bd4+ Kb8 34. Be5+ Ka7 35. Rf7 Kb6 36. b8=Q+ Rxb8 37. Bxb8 a5 38. Be5 a4 39.
Rb7+ Ka6 40. a3 Qe2 41. Bd4 e5 42. Re7 h5 43. Re6+ 1-0

[Event "10th Norway Armageddon"]
[Site "Stavanger NOR"]
[Date "2022.06.06"]
[Round "6.3"]
[White "Giri, Anish"]
[Black "Anand, Viswanathan"]
[Result "1/2-1/2"]
[WhiteTitle "GM"]
[BlackTitle "GM"]
[WhiteElo "2761"]
[BlackElo "2751"]
[WhiteFideId "24116068"]
[BlackFideId "5000017"]
[EventDate "2022.05.31"]

1. b3 d5 2. Bb2 c5 3. e3 a6 4. Nf3 Nc6 5. Be2 Nf6 6. O-O d4 7. Re1 g6 8. exd4
cxd4 9. c3 dxc3 10. dxc3 Qxd1 11. Rxd1 Bg7 12. c4 O-O 13. Nbd2 Bf5 14. Nf1 Rfd8
15. Ne3 Nd7 16. Bxg7 Kxg7 17. Nd4 Be4 18. f3 Nc5 19. Ndc2 Bxc2 20. Nxc2 a5 21.
Kf2 Rxd1 22. Rxd1 Nb4 23. Nxb4 axb4 24. Rd2 Kf6 25. Ke3 e6 26. f4 Ke7 27. Bf3
Rd8 28. Re2 b6 29. g3 f5 30. Bg2 h6 31. Bf3 g5 32. h4 Rd3+ 33. Kf2 g4 34. Bg2
Rc3 35. Rd2 Rd3 36. Rc2 Rd1 37. Re2 Nd3+ 38. Ke3 Nc5 39. Ba8 Rd8 40. Bc6 Rd6 41.
Bh1 Rd1 42. Bg2 Rd3+ 43. Kf2 Rd1 44. Rc2 Rd3 45. Re2 Rd1 1/2-1/2

[Event "10th Norway Armageddon"]
[Site "Stavanger NOR"]
[Date "2022.06.06"]
[Round "6.4"]
[White "Wang, Hao"]
[Black "Vachier-Lagrave, Maxime"]
[Result "0-1"]
[WhiteTitle "GM"]
[BlackTitle "GM"]
[WhiteElo "2744"]
[BlackElo "2750"]
[WhiteFideId "8602883"]
[BlackFideId "623539"]
[EventDate "2022.05.31"]

1. d4 Nf6 2. Nf3 g6 3. Bf4 Bg7 4. e3 d6 5. h3 c5 6. c3 Qb6 7. Qc1 O-O 8. Be2 Bf5
9. Nbd2 cxd4 10. exd4 Nd5 11. Bh2 Nc6 12. O-O Rac8 13. Nc4 Qc7 14. Ne3 Nxe3 15.
Qxe3 Qb6 16. Nh4 Bd7 17. Qd2 e5 18. dxe5 Nxe5 19. Nf3 Be6 20. Rfd1 Bc4 21. Nd4
Bxe2 22. Qxe2 Rfe8 23. Qb5 Qc7 24. Re1 a6 25. Qa4 Qc4 26. Qa3 Nd3 27. Rxe8+ Rxe8
28. Bg3 Be5 29. Rd1 Bxg3 30. fxg3 Nc5 31. g4 Qd5 32. Qb4 Re2 0-1

[Event "10th Norway Armageddon"]
[Site "Stavanger NOR"]
[Date "2022.06.06"]
[Round "6.5"]
[White "Radjabov, Teimour"]
[Black "Topalov, Veselin"]
[Result "1/2-1/2"]
[WhiteTitle "GM"]
[BlackTitle "GM"]
[WhiteElo "2753"]
[BlackElo "2730"]
[WhiteFideId "13400924"]
[BlackFideId "2900084"]
[EventDate "2022.05.31"]

1. Nf3 d5 2. d4 Nf6 3. c4 c6 4. Nc3 e6 5. Bg5 h6 6. Bh4 dxc4 7. e4 g5 8. Bg3 b5
9. Be2 Bb7 10. e5 Nh5 11. a4 a6 12. Qc2 Nd7 13. Rd1 Qb6 14. O-O Nxg3 15. hxg3
Be7 16. Rfe1 O-O-O 17. b3 cxb3 18. Qxb3 Kb8 19. axb5 cxb5 20. Bf1 g4 21. Nh4 Rc8
22. d5 Bxh4 23. gxh4 g3 24. Rd2 gxf2+ 25. Rxf2 Qd4 26. Ne2 Qxd5 27. Qb2 Qc5 28.
Nd4 Nb6 29. Nb3 Qc3 30. Qb1 Rc7 31. Rc1 Qxe5 32. Rxc7 Qxc7 33. Rc2 Qe5 34. Nc5
Qd4+ 35. Kh2 Qxh4+ 36. Kg1 Qd4+ 37. Kh2 Qh4+ 1/2-1/2

[Event "10th Norway Armageddon"]
[Site "Stavanger NOR"]
[Date "2022.06.07"]
[Round "7.1"]
[White "Tari, Aryan"]
[Black "Carlsen, Magnus"]
[Result "1-0"]
[WhiteTitle "GM"]
[BlackTitle "GM"]
[WhiteElo "2654"]
[BlackElo "2864"]
[WhiteFideId "1510045"]
[BlackFideId "1503014"]
[EventDate "2022.05.31"]

1. e4 b6 2. d4 Bb7 3. Nc3 d6 4. f4 Nd7 5. Nf3 e6 6. Bd3 c5 7. O-O cxd4 8. Nxd4
Ngf6 9. Qe2 a6 10. a4 Be7 11. Bd2 O-O 12. Kh1 Nc5 13. Rae1 d5 14. e5 Nfe4 15. f5
Bg5 16. Bxg5 Qxg5 17. Rf3 exf5 18. Rxf5 Qh6 19. Rh5 Qg6 20. Nf5 Rae8 21. Bxe4
dxe4 22. Nd6 Rxe5 23. Rxe5 Qxd6 24. Rf5 g6 25. Rd1 Qe6 26. Rff1 Qe5 27. Qe3 a5
28. Kg1 Re8 29. Rf2 f5 30. g3 Kg7 31. Nb5 Re7 32. b3 Ne6 33. Nd6 Ba6 34. c4 Nc5
35. Nxf5+ gxf5 36. Qg5+ Kh8 37. Rxf5 1-0

[Event "10th Norway Armageddon"]
[Site "Stavanger NOR"]
[Date "2022.06.07"]
[Round "7.5"]
[White "Topalov, Veselin"]
[Black "Wang, Hao"]
[Result "0-1"]
[WhiteTitle "GM"]
[BlackTitle "GM"]
[WhiteElo "2730"]
[BlackElo "2744"]
[WhiteFideId "2900084"]
[BlackFideId "8602883"]
[EventDate "2022.05.31"]

1. e4 c5 2. Nf3 Nc6 3. d4 cxd4 4. Nxd4 Nf6 5. Nc3 e5 6. Nde2 Bc5 7. Ng3 d6 8.
Na4 Bb4+ 9. c3 Ba5 10. b4 Bc7 11. Be2 O-O 12. O-O a6 13. Be3 h6 14. a3 b5 15.
Nb2 Bb6 16. c4 Nd4 17. a4 Bb7 18. Bd3 Rc8 19. axb5 axb5 20. cxb5 d5 21. Na4 dxe4
22. Bb1 Ra8 23. Ba2 Rxa4 24. Qxa4 Nd5 25. Rac1 Nxe3 26. fxe3 Nf3+ 27. gxf3 Bxe3+
28. Kh1 Bxc1 29. Rxc1 exf3 30. Qa7 Qd2 31. Rg1 f2+ 32. Qxb7 fxg1=Q+ 33. Kxg1
Qxa2 0-1

[Event "10th Norway Armageddon"]
[Site "Stavanger NOR"]
[Date "2022.06.09"]
[Round "8.2"]
[White "So, Wesley"]
[Black "Topalov, Veselin"]
[Result "0-1"]
[WhiteTitle "GM"]
[BlackTitle "GM"]
[WhiteElo "2776"]
[BlackElo "2730"]
[WhiteFideId "5202213"]
[BlackFideId "2900084"]
[EventDate "2022.05.31"]

1. c4 c5 2. g3 g6 3. Bg2 Bg7 4. Nc3 Nc6 5. d3 d6 6. Qd2 Qa5 7. e3 Bxc3 8. bxc3
Bd7 9. Rb1 O-O-O 10. Nf3 f5 11. Qb2 Qc7 12. Ng5 Rf8 13. f4 Nf6 14. O-O h6 15.
Nf3 b6 16. a4 Na5 17. Qc2 Bc6 18. Rb5 Rhg8 19. Nd2 Bxg2 20. Kxg2 e5 21. Kg1 Re8
22. fxe5 dxe5 23. e4 Qd7 24. Rxa5 bxa5 25. Nb3 Rd8 26. Nxc5 Qc6 27. Nb3 fxe4 28.
d4 e3 29. d5 Qxc4 30. Rxf6 e2 31. Bd2 Rxd5 32. Be1 Rd1 33. Kf2 Rgd8 34. Qxg6
Qxb3 35. Qf5+ Kb8 36. Qxe5+ Ka8 37. Qxe2 Qb7 38. Rxh6 Rb1 39. Kg1 Rb2 40. Qf1
Re8 41. Rf6 Rb1 42. Kf2 Rbxe1 0-1

[Event "10th Norway Armageddon"]
[Site "Stavanger NOR"]
[Date "2022.06.09"]
[Round "8.5"]
[White "Radjabov, Teimour"]
[Black "Wang, Hao"]
[Result "1-0"]
[WhiteTitle "GM"]
[BlackTitle "GM"]
[WhiteElo "2753"]
[BlackElo "2744"]
[WhiteFideId "13400924"]
[BlackFideId "8602883"]
[EventDate "2022.05.31"]

1. e4 e5 2. Nf3 Nf6 3. Nc3 Nc6 4. Bb5 Nd4 5. O-O Nxb5 6. Nxb5 c6 7. Nc3 d6 8. d4
Qc7 9. h3 h6 10. Re1 Be7 11. Be3 O-O 12. a4 Re8 13. Qd3 Bf8 14. Rad1 a5 15. Nd2
exd4 16. Bxd4 Nd7 17. Qg3 Qd8 18. Nc4 Qg5 19. Qxg5 hxg5 20. Be3 f6 21. Nxd6 Bxd6
22. Rxd6 Ne5 23. b3 Be6 24. Red1 Kf7 25. f3 Rh8 26. f4 gxf4 27. Bxf4 Ng6 28. Be3
Ne5 29. Bd4 Rh5 30. Ne2 Ng6 31. Ng3 Rg5 32. Kf2 Rh8 33. Be3 Re5 34. Rd8 Re8 35.
Rxe8 Kxe8 36. Bb6 Bd7 37. Bc7 Rg5 38. Rd2 b5 39. axb5 Rxb5 40. Ne2 Rb4 41. Nc3
Rb7 42. Bxa5 Ne5 43. Na4 Ra7 44. Bc3 Nc4 45. Re2 Bc8 46. Nc5 Nd6 47. e5 Nb5 48.
exf6+ Kf7 49. Bb2 gxf6 50. c4 Nc7 51. Ne4 Ne8 52. g4 Bd7 53. Kg3 Ra2 54. Rf2 1-0

[Event "10th Norway Armageddon"]
[Site "Stavanger NOR"]
[Date "2022.06.10"]
[Round "9.1"]
[White "Topalov, Veselin"]
[Black "Carlsen, Magnus"]
[Result "1/2-1/2"]
[WhiteTitle "GM"]
[BlackTitle "GM"]
[WhiteElo "2730"]
[BlackElo "2864"]
[WhiteFideId "2900084"]
[BlackFideId "1503014"]
[EventDate "2022.05.31"]

1. e4 e5 2. Nf3 Nc6 3. Bc4 Nf6 4. d3 Bc5 5. c3 d6 6. O-O a5 7. Re1 Ba7 8. Nbd2
O-O 9. Nf1 Ne7 10. Ng3 Ng6 11. Bb3 c6 12. d4 exd4 13. cxd4 Bg4 14. Qd3 d5 15. e5
Ne4 16. Nxe4 dxe4 17. Rxe4 Bxf3 18. Qxf3 Bxd4 19. Bf4 a4 20. Bc2 Nxf4 21. Qxf4
c5 22. Rd1 Ra6 23. g3 Re8 24. b4 axb3 25. Bxb3 Qe7 26. Bc4 Rf6 27. Qg4 Rg6 28.
Qe2 Rb6 29. Kg2 Rb2 30. Rd2 Rxd2 31. Qxd2 b5 32. Bxb5 Qb7 33. Bxe8 1/2-1/2